Software Engineering: Specification, Implementation, Verification (Запис № 450496)

МАРК-запис
000 -LEADER
fixed length control field 03496nam a22005655i 4500
001 - CONTROL NUMBER
control field 978-3-319-61518-9
003 - CONTROL NUMBER IDENTIFIER
control field DE-He213
005 - DATE AND TIME OF LATEST TRANSACTION
control field 20210118142016.0
007 - PHYSICAL DESCRIPTION FIXED FIELD--GENERAL INFORMATION
fixed length control field cr nn 008mamaa
008 - FIXED-LENGTH DATA ELEMENTS--GENERAL INFORMATION
fixed length control field 170915s2017 gw | s |||| 0|eng d
020 ## - INTERNATIONAL STANDARD BOOK NUMBER
International Standard Book Number 9783319615189
-- 978-3-319-61518-9
024 7# - OTHER STANDARD IDENTIFIER
Standard number or code 10.1007/978-3-319-61518-9
Source of number or code doi
050 #4 - LIBRARY OF CONGRESS CALL NUMBER
Classification number QA76.758
072 #7 - SUBJECT CATEGORY CODE
Subject category code UMZ
Source bicssc
072 #7 - SUBJECT CATEGORY CODE
Subject category code COM051230
Source bisacsh
072 #7 - SUBJECT CATEGORY CODE
Subject category code UMZ
Source thema
082 04 - DEWEY DECIMAL CLASSIFICATION NUMBER
Classification number 005.1
Edition number 23
100 1# - MAIN ENTRY--PERSONAL NAME
Personal name Alagić, Suad.
Relator term author.
Relator code aut
-- http://id.loc.gov/vocabulary/relators/aut
245 10 - TITLE STATEMENT
Title Software Engineering: Specification, Implementation, Verification
Medium [electronic resource] /
Statement of responsibility, etc by Suad Alagić.
250 ## - EDITION STATEMENT
Edition statement 1st ed. 2017.
264 #1 -
-- Cham :
-- Springer International Publishing :
-- Imprint: Springer,
-- 2017.
300 ## - PHYSICAL DESCRIPTION
Extent XV, 178 p. 99 illus.
Other physical details online resource.
336 ## -
-- text
-- txt
-- rdacontent
337 ## -
-- computer
-- c
-- rdamedia
338 ## -
-- online resource
-- cr
-- rdacarrier
347 ## -
-- text file
-- PDF
-- rda
505 0# - FORMATTED CONTENTS NOTE
Formatted contents note 1 Analysis and Design -- 2 Specification of Constraints -- 3 Implementation Technology -- 4 Mapping Models to Code -- 5 Data Management -- 6 Software Verification.
520 ## - SUMMARY, ETC.
Summary, etc This book takes a formal approach to teaching software engineering, using not only UML, but also Object Constraint Language (OCL) for specification and analysis of designed models. Employing technical details typically missing from existing textbooks on software engineering, the author shows how precise specifications lead to static verification of software systems. In addition, data management is given the attention that is required in order to produce a successful software project. Uses constraints in all phases of software development Follows recent developments in software technologies Technical coverage of data management issues and software verification Illustrated throughout to present analysis, specification, implementation and verification of multiple applications Includes end-of-chapter exercises and Instructor Presentation Slides.
506 ## - RESTRICTIONS ON ACCESS NOTE
Terms governing access Available to subscribing member institutions only. Доступно лише організаціям членам підписки.
506 ## - RESTRICTIONS ON ACCESS NOTE
Standardized terminology for access restriction Online access from local network of NaUOA.
506 ## - RESTRICTIONS ON ACCESS NOTE
Standardized terminology for access restriction Online access with authorization at https://link.springer.com/
506 ## - RESTRICTIONS ON ACCESS NOTE
Standardized terminology for access restriction Онлайн-доступ з локальної мережі НаУОА.
506 ## - RESTRICTIONS ON ACCESS NOTE
Standardized terminology for access restriction Онлайн доступ з авторизацією на https://link.springer.com/
650 #0 - SUBJECT ADDED ENTRY--TOPICAL TERM
Topical term or geographic name as entry element Software engineering.
650 #0 - SUBJECT ADDED ENTRY--TOPICAL TERM
Topical term or geographic name as entry element Programming languages (Electronic computers).
650 #0 - SUBJECT ADDED ENTRY--TOPICAL TERM
Topical term or geographic name as entry element Computers.
650 14 - SUBJECT ADDED ENTRY--TOPICAL TERM
Topical term or geographic name as entry element Software Engineering.
-- http://scigraph.springernature.com/things/product-market-codes/I14029
650 24 - SUBJECT ADDED ENTRY--TOPICAL TERM
Topical term or geographic name as entry element Programming Languages, Compilers, Interpreters.
-- http://scigraph.springernature.com/things/product-market-codes/I14037
650 24 - SUBJECT ADDED ENTRY--TOPICAL TERM
Topical term or geographic name as entry element Models and Principles.
-- http://scigraph.springernature.com/things/product-market-codes/I18016
710 2# - ADDED ENTRY--CORPORATE NAME
Corporate name or jurisdiction name as entry element SpringerLink (Online service)
773 0# - HOST ITEM ENTRY
Title Springer eBooks
776 08 - ADDITIONAL PHYSICAL FORM ENTRY
Display text Printed edition:
International Standard Book Number 9783319615172
776 08 - ADDITIONAL PHYSICAL FORM ENTRY
Display text Printed edition:
International Standard Book Number 9783319615196
776 08 - ADDITIONAL PHYSICAL FORM ENTRY
Display text Printed edition:
International Standard Book Number 9783319870991
856 40 - ELECTRONIC LOCATION AND ACCESS
Uniform Resource Identifier <a href="https://doi.org/10.1007/978-3-319-61518-9">https://doi.org/10.1007/978-3-319-61518-9</a>
912 ## -
-- ZDB-2-SCS
942 ## - ADDED ENTRY ELEMENTS (KOHA)
Koha item type ЕКнига

Немає доступних примірників.